| 000 | 00952cad a22002055a 4500 | ||
|---|---|---|---|
| 001 | L153150 | ||
| 008 | 110614e2011 xxk 000 0 eng d | ||
| 035 | _a(Sirsi) u153150 | ||
| 041 | 0 | _aeng | |
| 100 | 1 | _aAnderson, Alexandra | |
| 245 | 0 | 0 |
_aExpert witnesses _bwhy now more than ever you need insurance _h[electronic resource] |
| 490 |
_aRICS Regulation Helpsheet _v2011 |
||
| 520 | _aAdvises expert witnesses to ensure that they have adequate professional indemnity insurance (PII) in the light of "Jones v Kaney" [2011] UKSC 13 (L152587) which removed the right of immunity from expert witnesses. | ||
| 590 | _aKA | ||
| 650 | 2 | 4 | _aJONES V KANEY |
| 651 | 4 | _aUNITED KINGDOM | |
| 690 | _aMANAGEMENT-DISPUTE AVOIDANCE, MANAGEMENT AND RESOLUTION-DISPUTE MANAGEMENT AND RESOLUTION-EXPERT WITNESSES | ||
| 856 | 4 | 0 |
_uhttps://www.rics.org/site/download_feed.aspx?fileID=9760&fileExtension=PDF _zView this item free of charge at www.rics.org |
| 942 | _n0 | ||
| 999 |
_c83207 _d83207 |
||